Countries that were in the 2018 FIFA World Cup - Statistics

General Stats
  • This quiz has been taken 21 times
  • The average score is 31 of 32
Answer Stats
Picture Answer % Correct
Argentina
100%
Belgium
100%
Brazil
100%
Croatia
100%
Denmark
100%
England
100%
France
100%
Germany
100%
Iran
100%
Japan
100%
Mexico
100%
Poland
100%
Portugal
100%
Saudi Arabia
100%
South Korea
100%
Spain
100%
Sweden
100%
Switzerland
100%
Australia
95%
Egypt
95%
Iceland
95%
Peru
95%
Russia
95%
Serbia
95%
Uruguay
95%
Colombia
90%
Morocco
90%
Nigeria
90%
Tunisia
90%
Panama
85%
Costa Rica
80%
Senegal
80%
No matching quizzes found
Score Distribution
Percent of People with Each Score
Percentile by Number Answered
Your Score History
You have not taken this quiz